[Event "AUS-ch U18"]
[Site "Canberra"]
[Date "2001.01.22"]
[Round "10.22"]
[White "Wakamatsu, Masaharu"]
[Black "Truong, Lance"]
[Result "0-1"]
[WhiteElo "929"]
[BlackElo "1307"]
[PlyCount "106"]
[EventDate "2001.01.??"]
[EventType "swiss"]
[EventRounds "11"]
[EventCountry "AUS"]
[SourceTitle "CBM 080 Extra"]
[Source "ChessBase"]
[SourceDate "2001.03.08"]
[SourceVersion "1"]
[SourceVersionDate "2001.03.08"]
[SourceQuality "1"]

1. f4 d5 2. e3 Nf6 3. Nf3 c5 4. Bb5+ Bd7 5. Bxd7+ Nbxd7 6. 0-0 e6 7. d4 Bd6 8. Ne5 0-0 9. Nc3 Rc8 10. Qe1 Qa5 11. Bd2 cxd4 12. Ne4 Qc7 13. Nxd6 Qxd6 14. c3 dxe3 15. Qxe3 b6 16. Nxd7 Qxd7 17. Rf3 Qb5 18. b4 Ne4 19. Be1 Rc4 20. Rh3 Rfc8 21. Qd3 Qc6 22. Rc1 Rxb4 23. Qf3 Rb2 24. Qh5 Qc5+ 25. Kh1 h6 26. Qg4 Kh8 27. f5 exf5 28. Qxf5 Nf2+ 29. Bxf2 Rxf2 30. Rf3 Rxf3 31. Qxf3 Qe7 32. Qxd5 Rxc3 33. Rg1 Rc5 34. Qa8+ Kh7 35. Qf3 Rc7 36. h3 Rd7 37. Qf5+ g6 38. Qf2 Qd6 39. Re1 Re7 40. Rxe7 Qxe7 41. Qf3 Qe1+ 42. Kh2 Qe5+ 43. Kh1 Qa1+ 44. Kh2 Qxa2 45. Qb7 h5 46. Qc7 b5 47. Qb7 a6 48. Kg3 Qb3+ 49. Kh4 a5 50. g4 hxg4 51. hxg4 a4 52. Qh1 Kg7 53. Qe4 Qb2 0-1

[Event "AUS-ch U18"]
[Site "Canberra"]
[Date "2001.01.19"]
[Round "8.21"]
[White "Wakamatsu, Masaharu"]
[Black "Fitzpatrick, Andrew"]
[Result "1/2-1/2"]
[WhiteElo "929"]
[BlackElo "1527"]
[PlyCount "73"]
[EventDate "2001.01.??"]
[EventType "swiss"]
[EventRounds "11"]
[EventCountry "AUS"]
[SourceTitle "CBM 080 Extra"]
[Source "ChessBase"]
[SourceDate "2001.03.08"]
[SourceVersion "1"]
[SourceVersionDate "2001.03.08"]
[SourceQuality "1"]

1. e4 c6 2. d4 d5 3. e5 Bf5 4. c4 e6 5. Nf3 Ne7 6. Nc3 Nd7 7. Nh4 Bg6 8. cxd5 Nxd5 9. Nxg6 hxg6 10. Nxd5 cxd5 11. Qa4 a6 12. Bd2 Be7 13. Bd3 0-0 14. 0-0 b5 15. Qd1 Nb6 16. b3 Qd7 17. Qg4 Rfc8 18. Rfe1 a5 19. Qe2 b4 20. Bb5 Qb7 21. Rac1 Rxc1 22. Rxc1 Rc8 23. Rxc8+ Qxc8 24. Qd3 Qc7 25. Bf4 Nd7 26. Qe2 Nf8 27. Bd3 Qc3 28. Be3 Qa1+ 29. Qf1 Qxa2 30. Qb1 Qxb1+ 31. Bxb1 Nh7 32. f4 Nf8 33. Kf2 Nd7 34. Ke2 Nb6 35. Bc2 Kf8 36. Kd2 Ke8 37. Bd3 1/2-1/2

[Event "AUS-ch U18"]
[Site "Canberra"]
[Date "2001.01.11"]
[Round "1.27"]
[White "McPhee, Benjamin A"]
[Black "Wakamatsu, Masaharu"]
[Result "1/2-1/2"]
[WhiteElo "1489"]
[BlackElo "929"]
[PlyCount "117"]
[EventDate "2001.01.??"]
[EventType "swiss"]
[EventRounds "11"]
[EventCountry "AUS"]
[SourceTitle "CBM 080 Extra"]
[Source "ChessBase"]
[SourceDate "2001.03.08"]
[SourceVersion "1"]
[SourceVersionDate "2001.03.08"]
[SourceQuality "1"]

1. e4 c5 2. Nf3 d6 3. d4 cxd4 4. c3 Nc6 5. cxd4 Nf6 6. Nc3 g6 7. h3 a6 8. Bd3 Bg7 9. d5 Nb8 10. a4 b6 11. 0-0 Nbd7 12. Be3 0-0 13. Nd2 Ne5 14. Be2 Bb7 15. f4 Ned7 16. Qb3 Rb8 17. Bf3 Nc5 18. Bxc5 bxc5 19. Qc2 Nd7 20. Rfe1 Bc8 21. a5 Qc7 22. Nc4 Rb4 23. Na4 Rxc4 24. Qxc4 Qxa5 25. Nc3 Qb4 26. Qxb4 cxb4 27. Na4 Nc5 28. Nxc5 dxc5 29. e5 f6 30. Ra5 fxe5 31. fxe5 Bxh3 32. Rxc5 Bf5 33. Rc7 Re8 34. Rb7 Bh6 35. Ra1 Be3+ 36. Kh1 Bd4 37. Rxb4 Bxe5 38. Rxa6 Rc8 39. Rc6 Ra8 40. g4 Ra1+ 41. Kg2 Bd3 42. Kf2 Kf7 43. Be2 Bxe2 44. Kxe2 Ra2 45. Rc2 Bd6 46. Rbc4 Ra5 47. Rd2 Rb5 48. Re4 Kf6 49. b4 Rxb4 50. Rxb4 Bxb4 51. Rd4 Bd6 52. Re4 Kg5 53. Kf3 h5 54. gxh5 Kxh5 55. Rg4 g5 56. Re4 Bc5 57. Re2 Bd6 58. Re1 g4+ 59. Kg2 1/2-1/2